|
|
|
|
| LEADER |
00000nam a22000007a 4500 |
| 003 |
Ucuenca |
| 005 |
20230308225410.0 |
| 008 |
171010b1997 sp ||||| |||| 00| 0 spa d |
| 999 |
|
|
|c 152498
|d 152498
|
| 020 |
|
|
|a 84-329-4216-2
|
| 040 |
|
|
|b spa
|a UCuenca-cdrjbv
|c UCuenca
|e rda
|
| 041 |
0 |
|
|a spa
|
| 082 |
0 |
|
|a 621.381
|
| 110 |
1 |
|
|9 33731
|a Ceac
|
| 245 |
|
|
|a Prácticas de electrónica
|b Fernando J. Blanco Flores y Santiago Olvera Peralta
|
| 250 |
|
|
|a 2a ed.
|
| 264 |
|
|
|a Madrid
|b Paraninfo
|c 1997
|
| 300 |
|
|
|a xvii; 352 páginas:
|b ilu
|c 24 cm
|
| 336 |
|
|
|2 rdacontent
|a texto
|b txt
|
| 337 |
|
|
|2 rdamedia
|a no mediado
|b n
|
| 338 |
|
|
|2 rdacarrier
|a volumen
|b nc
|
| 504 |
|
|
|a incl. ref.
|
| 650 |
|
0 |
|a Electrónica
|9 9045
|
| 700 |
1 |
|
|a Blanco Flores, Fernando J.
|9 211358
|
| 700 |
1 |
|
|9 211359
|a Olvera Peralta, Santiago
|
| 942 |
|
|
|c BK
|z lucia.mora@ucuenca.edu.ec
|2 ddc
|